| 000 | 00472nam a22001697a 4500 | ||
|---|---|---|---|
| 003 | NUST | ||
| 038 | _aMr. Zahoor | ||
| 082 | _a510 | ||
| 100 |
_aChand, Sarah _917198 |
||
| 245 |
_aIota energy of unicyclic and bicyclic signed digraphs _cSarah Chand |
||
| 260 |
_aIslamabad : _bSNS - NUST, _c2017. |
||
| 300 |
_avii, 50 p. : ill. ; _c30cm. |
||
| 500 | _aHardcover. | ||
| 650 |
_aMathematics - MS Thesis _916139 |
||
| 700 |
_aDr. Rashid Farooq _916579 |
||
| 942 |
_2ddc _cTHE |
||
| 999 |
_c526223 _d526223 |
||